Datum a čas kvízu
31
Celkem bodů
Celkový počet nahraných bodů na tomto kvízu bez doplňovacích otázek.
6.
Pořadí na kvízu
Konečné umístění týmu na tomto kvízu.
Zaznamenané odpovědi
| # | Otázka | Odpověď | Body | Výsledky |
|---|---|---|---|---|
| 1. | Ekonomka a bývalá rektorka brn... | Danuše Nerudová | 0 | |
| 2. | Do Venezuely dorazila bílá lví... | z Hodonína | 0 | |
| 3. | V neděli došlo v pařížském Lou... | dort | 1 | |
| 4. | V úterý jsme se dozvěděli, že... | Orsay | 0 | |
| 5. | Britský fotbalový fanoušek dos... | Alex Fergusson | 1 | |
| 6. | V dalším díle této tematické s... | C | 0 | |
| 7. | Merlík čilský je rostlina z če... | quinoa | 0 | |
| 8. | Tento jihoamerický dravý pták... | kondor | 1 | |
| 9. | Tato velká šelma je svým výsky... | jaguár | 0 | |
| 10. | Broméliovité je čeleď rostlin... | A | 0 |